Differential equations of mathematical physics / (Record no. 70183)
[ view plain ]
| 000 -LEADER | |
|---|---|
| fixed length control field | 00925nam a2200253 a 4500 |
| 001 - CONTROL NUMBER | |
| control field | 70183 |
| 003 - CONTROL NUMBER IDENTIFIER | |
| rucl marc code | BD-RjUL |
| 005 - DATE AND TIME OF LATEST TRANSACTION | |
| control field | 20211209081955.0 |
| 008 - FIXED-LENGTH DATA ELEMENTS--GENERAL INFORMATION | |
| fixed length control field | 170416s1964 nyua b 000 0 eng d |
| 035 ## - SYSTEM CONTROL NUMBER | |
| System control number | (BD-RjUL)70396 |
| 040 ## - CATALOGING SOURCE | |
| Original cataloging agency | DLC/ICU |
| Transcribing agency | ICU |
| Modifying agency | BD-RjUL |
| Language of cataloging | eng |
| 041 1# - LANGUAGE CODE | |
| Language code of text/sound track or separate title | engrus |
| 082 00 - DEWEY DECIMAL CLASSIFICATION NUMBER | |
| Classification number | 530.15 |
| Edition number | 23 |
| Author mark and year | KOD 1964 |
| 100 1# - MAIN ENTRY--PERSONAL NAME | |
| Personal name | Koshli︠a︡kov, N. S. |
| Fuller form of name | (Nikolaĭ Sergeevich) |
| 9 (RLIN) | 207848 |
| 245 10 - TITLE STATEMENT | |
| Title | Differential equations of mathematical physics / |
| Statement of responsibility, etc. | [by] N.S. Koshlyakov, M.M. Smirnov [and] E.B. Gliner. Translated by Scripta Technica, inc. Translation editor: Herbert J. Eagle. |
| 260 ## - PUBLICATION, DISTRIBUTION, ETC. (IMPRINT) | |
| Place of publication, distribution, etc. | New York : |
| Name of publisher, distributor, etc. | Interscience Publishers, |
| Date of publication, distribution, etc. | 1964. |
| 300 ## - PHYSICAL DESCRIPTION | |
| Pagination | xvi, 701 p. : |
| Illustrations | ill. ; |
| Size | 23 cm. |
| 504 ## - BIBLIOGRAPHY, ETC. NOTE | |
| Bibliography, etc | Bibliography: p.700-701. |
| 650 #0 - SUBJECT ADDED ENTRY--TOPICAL TERM | |
| Topical term or geographic name as entry element | Mathematical physics |
| 9 (RLIN) | 207849 |
| Topical term or geographic name as entry element | Differential equations, Partial. |
| 9 (RLIN) | 207850 |
| 700 ## - ADDED ENTRY--PERSONAL NAME | |
| Personal name | Smirnov, M M |
| Personal name | Gliner, E B |
| 942 ## - ADDED ENTRY ELEMENTS (KOHA) | |
| Source of classification or shelving scheme | Dewey Decimal Classification |
| Koha item type | Books |
| Lost status | Source of classification or shelving scheme | Damaged status | Not for loan | Collection code | Permanent Location | Current Location | Shelving location | Date acquired | Source of acquisition | Cost, normal purchase price | Total Checkouts | Full call number | Date last seen | Copy number | Koha item type |
|---|---|---|---|---|---|---|---|---|---|---|---|---|---|---|---|
| Dewey Decimal Classification | Not For Loan | Non-fiction | Central Library, University of Rajshahi | Central Library, University of Rajshahi | Reading Room | 22/10/1968 | Book View, Dhaka | 120.00 | 530.15 KOD 1964 | 16/04/2017 | C-1 | Books |